banner-ar

يحى حقى : مبدعا وناقدا (هدية من الاديب عبدالفتاح الجمل) / (Record no. 39824)

MARC details
000 -الفاتح
حقل البيانات ثابتة الطول 00651nam a2200193Ia 4500
008 - عناصر البيانات ثابتة الطول - معلومات عامة
حقل البيانات ثابتة الطول 140319s9999 xx 000 0 ara d
040 ## - مصدر الفهرسة
وكالة الفهرسة الأصلية GCL /
وكالة النسخ GCL
082 04 - رقم تصنيف ديوى العشرى
رقم التصنيف 813.009
رقم المادة م ى
100 1# - المدخل الرئيسى - إسم شخصى
الإسم الشخصى مصطفى ابراهيم حسين
245 10 - بيان العنوان
العنوان يحى حقى : مبدعا وناقدا (هدية من الاديب عبدالفتاح الجمل) /
بيان المسئوليه,etc مصطفى ابراهيم حسين
300 ## - الوصف المادى
التعداد 132 ص
490 ## - بيان السلسلة
عنوان السلسلة
650 04 - المدخل الاضافى بالموضوع-مصطلح موضوعى
مصطلح موضوعي الادباء العرب
650 04 - المدخل الاضافى بالموضوع-مصطلح موضوعى
مصطلح موضوعي يحيى حقى
650 04 - المدخل الاضافى بالموضوع-مصطلح موضوعى
مصطلح موضوعي القصص العربية, تاريخ ونقد
650 04 - المدخل الاضافى بالموضوع-مصطلح موضوعى
مصطلح موضوعي الادب العربى - تاريخ ونقد
942 ## - عناصر المدخل الإضافي( كوها)
مصدر التصنيف او مخطط الترفيف Dewey Decimal Classification
Koha [default] item type كتاب
Holdings
حالة التراجع حالة الفقد حالة تلف ليس للاعارة المكان المؤقت الموقع الحالى تاريخ الاكتساب اجمالي اﻻعارات رقم الطلب الباركود تاريخ اخر مشاهدة تاريخ تفعيل السعر نوع وعاء كوها
        مكتبة القاهرة الكبرى مكتبة القاهرة الكبرى 03/26/2014   813.009\م ى 97102 03/26/2014 03/26/2014 كتاب

Powered By

EGPV